000 00968nam a2200253Ia 4500
003 GCL
008 140319s9999 xx 000 0 ara d
020 _a7332409960
040 _aGCL /
_cGCL
082 0 4 _a658.02
_bم ح
100 1 _aمارشاند، دونالد
245 1 0 _aحتى ترى مالا يرى :
_bكيف تتفوق الشركات بالاستخدام الصحيح للمعلومات والعاملين وتكنولوجيا المعلومات /
_cمارشاند، دونالد
700 1 _aكتينغر، وليام
700 1 _aنور الدين الشيخ عبيد
250 _aالاولى
260 _aالرياض :
_bمكتبة العبيكان ،
_c2004
300 _a423 ص ؛
_c24 سم
650 0 4 _aادارة الاعمال
650 0 4 _aادارة الافراد
650 0 4 _aالمعلومات، ادارة
650 0 4 _aالمعلومات - تنظيم
650 0 4 _aادارة الاستثمارات
942 _2ddc
_cBK
999 _c7932
_d7932